Design Fabrication and Analysis of Combined Darrieus Savonius Wind Turbine (Record no. 327441)
[ view plain ]
| 000 -LEADER | |
|---|---|
| fixed length control field | 00358 a2200121 4500 |
| 001 - CONTROL NUMBER | |
| control field | 92368 |
| 082 ## - DEWEY DECIMAL CLASSIFICATION NUMBER | |
| Author Mark | PR 2567 |
| 090 ## - LOCALLY ASSIGNED LC-TYPE CALL NUMBER (OCLC); LOCAL CALL NUMBER (RLIN) | |
| -- | 44337 |
| -- | 44338 |
| 100 ## - MAIN ENTRY--PERSONAL NAME | |
| Personal name | Muneeb, Prof Dr. Nadeem and Farrukh (Advisors) |
| 245 ## - TITLE STATEMENT | |
| Title | Design Fabrication and Analysis of Combined Darrieus Savonius Wind Turbine |
| Number of part/section of a work | 79'A' EC |
| 260 ## - PUBLICATION, DISTRIBUTION, ETC. | |
| Place of publication, distribution, etc. | Islamabad |
| Name of publisher, distributor, etc. | NUST |
| Date of publication, distribution, etc. | 2015 |
| 300 ## - PHYSICAL DESCRIPTION | |
| Extent | ix,63p. |
| 942 ## - ADDED ENTRY ELEMENTS (KOHA) | |
| Institution code [OBSOLETE] | CAE NUST |
| Call number prefix | PR 2567 |
| Withdrawn status | Lost status | Damaged status | Not for loan | Collection code | Permanent Location | Current Location | Date acquired | Total Checkouts | Full call number | Barcode | Date last seen | Price effective from | Koha item type |
|---|---|---|---|---|---|---|---|---|---|---|---|---|---|
| College of Aeronautical Engineering (CAE) | College of Aeronautical Engineering (CAE) | 04/03/2017 | PR 2567 | CAEPR-2567 | 04/05/2017 | 04/05/2017 | Book |
